[Event "2BLW 1718 SG Köln Porz - Düsseldorfer S"]
[Site "?"]
[Date "2018.02.04"]
[Round "6.1"]
[White "Timman, Jan Hendrik"]
[Black "Lutz, Christopher"]
[Result "1/2-1/2"]
[WhiteElo "2551"]
[BlackElo "2536"]
[PlyCount "81"]
[EventDate "2018.??.??"]

1. Nf3 Nf6 2. g3 d5 3. Bg2 c6 4. c4 Bg4 5. Ne5 Be6 6. cxd5 Bxd5 7. Nf3 c5 8.
Nc3 Bc6 9. O-O g6 10. d4 cxd4 11. Nxd4 Bxg2 12. Kxg2 Bg7 13. Qb3 Qd7 14. Rd1
O-O 15. Bg5 Na6 16. Bxf6 exf6 17. Nd5 Nc7 18. Nf4 Bh6 19. Nf3 Qf5 20. Nd5 Nxd5
21. Rxd5 Qe6 22. Rad1 Rac8 23. e3 Rc7 24. Qa4 Qb6 25. b3 Rc2 26. Nd4 Rc5 27.
Rxc5 Qxc5 28. Qd7 Qa5 29. a4 Qb4 30. Qb5 Qe7 31. Nf3 a6 32. Qd7 Qb4 33. Rd3 f5
34. Qd6 Qe4 35. Rc3 Re8 36. Rc4 Qe6 37. Qxe6 Rxe6 38. Nd4 Re7 39. b4 Bf8 40.
Rc8 Kg7 41. b5 {(=)} 1/2-1/2

[Event "2BLW 1718 SG Köln Porz - Düsseldorfer S"]
[Site "?"]
[Date "2018.02.04"]
[Round "6.2"]
[White "Rotstein, Arkadij"]
[Black "Berelowitsch, Alexander"]
[Result "0-1"]
[WhiteElo "2508"]
[BlackElo "2523"]
[PlyCount "139"]
[EventDate "2018.??.??"]

1. d4 d5 2. Bf4 Nf6 3. e3 g6 4. Nf3 Bg7 5. Be2 O-O 6. O-O Nbd7 7. h3 b6 8. Nbd2
Bb7 9. Ne5 c5 10. c3 Nxe5 11. Bxe5 Nd7 12. Bxg7 Kxg7 13. Nf3 Qc7 14. a4 Rfd8
15. a5 c4 16. Qa4 Bc6 17. Qb4 Qd6 18. Qxd6 exd6 19. Rfb1 b5 20. Ne1 a6 21. Nc2
Nf6 22. f3 Re8 23. Kf2 Re7 24. g4 h6 25. Bf1 g5 26. Bg2 Rae8 27. Re1 Bb7 28.
Re2 Kg6 29. Rae1 h5 30. Kg3 Bc8 31. Nb4 Bb7 32. Kf2 Ng8 33. gxh5+ Kxh5 34. e4
Nf6 35. e5 dxe5 36. Rxe5 Rxe5 37. Rxe5 Rxe5 38. dxe5 Nd7 39. f4 gxf4 40. Nxd5
Bxd5 41. Bxd5 Nxe5 42. Bb7 Nd3+ 43. Kf3 Nxb2 44. Kxf4 Nd3+ 45. Ke3 Nc5 46. Bc8
Kh4 47. Kd4 Nb3+ 48. Kd5 Nxa5 49. Bxa6 f5 50. Bxb5 f4 51. Bd7 f3 52. Bg4 f2 53.
Be2 Kxh3 54. Kc5 Kg2 55. Kb4 Nb3 56. Bxc4 Nc1 57. Bb5 Kf3 58. Bf1 Ke3 59. c4
Kd4 60. Kb5 Nb3 61. Bg2 Nc5 62. Bf1 Ne4 63. Kb4 Nd2 64. Bg2 Nxc4 65. Bf1 Ne3
66. Be2 Nd5+ 67. Kb3 Ke3 68. Bf1 Kd2 69. Ba6 Nf4 70. Bf1 0-1

[Event "2BLW 1718 SG Köln Porz - Düsseldorfer S"]
[Site "?"]
[Date "2018.02.04"]
[Round "6.3"]
[White "Schuh, Dirk"]
[Black "Xu, Xianliang"]
[Result "0-1"]
[WhiteElo "2375"]
[BlackElo "2415"]
[PlyCount "94"]
[EventDate "2018.??.??"]

1. Nf3 c5 2. e3 d5 3. d4 Nc6 4. c4 e6 5. a3 cxd4 6. exd4 Nf6 7. Nc3 Be7 8. cxd5
exd5 9. Bb5 O-O 10. Bxc6 bxc6 11. O-O Bg4 12. h3 Bxf3 13. Qxf3 Qb6 14. Qd1 Bd6
15. Na4 Qb5 16. Be3 Ne4 17. Re1 f5 18. f3 Ng3 19. Qc2 Rac8 20. Bf2 Rce8 21. Nc3
Qa6 22. Rad1 f4 23. Bxg3 fxg3 24. Re2 Rxe2 25. Qxe2 Qxe2 26. Nxe2 Rb8 27. b4
Re8 28. Nc1 Re3 29. Nd3 a6 30. Kf1 Kf7 31. a4 Kf6 32. a5 Kf5 33. Rd2 g5 34. Rd1
h5 35. Rd2 g4 36. hxg4+ hxg4 37. fxg4+ Kxg4 38. Nc5 Bxc5 39. bxc5 Ra3 40. Rb2
Rxa5 41. Rb6 Kf4 42. Rxc6 Ke3 43. Re6+ Kxd4 44. c6 Kd3 45. Re1 Rc5 46. Rd1+ Ke3
47. Ra1 d4 0-1

[Event "2BLW 1718 SG Köln Porz - Düsseldorfer S"]
[Site "?"]
[Date "2018.02.04"]
[Round "6.4"]
[White "Malykin, Vitaly"]
[Black "Stark, Lars"]
[Result "1/2-1/2"]
[WhiteElo "2365"]
[BlackElo "2380"]
[PlyCount "26"]
[EventDate "2018.??.??"]

1. Nf3 d5 2. d4 Bf5 3. c4 e6 4. Nc3 Nf6 5. Bg5 c6 6. Bxf6 Qxf6 7. Qb3 Qe7 8. a3
Qc7 9. Nh4 Bg4 10. h3 Bh5 11. g4 Bg6 12. Nxg6 hxg6 13. e3 Nd7 1/2-1/2

[Event "2BLW 1718 SG Köln Porz - Düsseldorfer S"]
[Site "?"]
[Date "2018.02.04"]
[Round "6.5"]
[White "Kohlweyer, Bernd"]
[Black "Korotkjevich, Stanislav"]
[Result "1/2-1/2"]
[WhiteElo "2340"]
[BlackElo "2376"]
[PlyCount "64"]
[EventDate "2018.??.??"]

1. d4 d6 2. c4 e5 3. d5 f5 4. e4 fxe4 5. Nc3 Nf6 6. Nge2 Na6 7. Ng3 Nc5 8. Be3
Be7 9. Bxc5 dxc5 10. Ncxe4 O-O 11. Bd3 Ne8 12. Qh5 Bf6 13. Nxc5 g6 14. Qe2 c6
15. Nce4 cxd5 16. cxd5 Qa5+ 17. Qd2 Qxd5 18. Rc1 Be6 19. Bc4 Qxd2+ 20. Kxd2
Rd8+ 21. Ke3 Bxc4 22. Rxc4 Be7 23. Rhc1 h5 24. f3 h4 25. Ne2 h3 26. g4 Nf6 27.
N2c3 Rd7 28. Nxf6+ Bxf6 29. Ne4 Bd8 30. Ke2 Bb6 31. Rc8 Rxc8 32. Rxc8+ Kg7 {(=)
} 1/2-1/2

[Event "2BLW 1718 SG Köln Porz - Düsseldorfer S"]
[Site "?"]
[Date "2018.02.04"]
[Round "6.6"]
[White "Bunyatov, Rustam"]
[Black "Coenen, Michael"]
[Result "1/2-1/2"]
[WhiteElo "2169"]
[BlackElo "2365"]
[PlyCount "37"]
[EventDate "2018.??.??"]

1. e4 c6 2. d3 d5 3. Nd2 e5 4. Ngf3 Bg4 5. g3 Nf6 6. Bg2 Nbd7 7. O-O Bd6 8. Re1
O-O 9. Nf1 h6 10. h3 Bxf3 11. Qxf3 Re8 12. Ne3 dxe4 13. dxe4 Bf8 14. Nf5 Qc7
15. g4 Nh7 16. h4 Nc5 17. Bf1 b5 18. Be3 a6 19. Rad1 {(=)} 1/2-1/2

[Event "2BLW 1718 SG Köln Porz - Düsseldorfer S"]
[Site "?"]
[Date "2018.02.04"]
[Round "6.7"]
[White "Miedema, David"]
[Black "Wagenknecht, Uwe"]
[Result "1-0"]
[WhiteElo "2371"]
[BlackElo "2224"]
[PlyCount "77"]
[EventDate "2018.??.??"]

1. d4 d5 2. c4 e6 3. Nc3 Nf6 4. cxd5 exd5 5. Bg5 Be7 6. e3 Nbd7 7. Bd3 c6 8.
Nge2 Nf8 9. Qc2 Ne6 10. Bh4 g6 11. O-O O-O 12. Rad1 Ng7 13. f3 Nf5 14. Bf2 Nd6
15. Kh1 Re8 16. Bg1 Bf8 17. e4 dxe4 18. fxe4 Ng4 19. e5 Nf5 20. Bxf5 Bxf5 21.
Rxf5 gxf5 22. Qxf5 Nh6 23. Qh5 f6 24. Be3 Nf7 25. Rf1 Bg7 26. Ne4 Nxe5 27. dxe5
Rxe5 28. Qf3 Qd7 29. N2g3 Rae8 30. Bh6 f5 31. Qb3+ Qe6 32. Bxg7 Qxb3 33. Nf6+
Kf7 34. axb3 R5e6 35. Nfh5 Re1 36. Bc3 Rxf1+ 37. Nxf1 Re2 38. Nhg3 Rc2 39. Nxf5
1-0

[Event "2BLW 1718 SG Köln Porz - Düsseldorfer S"]
[Site "?"]
[Date "2018.02.04"]
[Round "6.8"]
[White "Sabirov, Ramil"]
[Black "de Gleria, Francesco"]
[Result "0-1"]
[WhiteElo "2057"]
[BlackElo "2391"]
[PlyCount "85"]
[EventDate "2018.??.??"]

1. Nf3 g6 2. c4 c5 3. g3 Nc6 4. Bg2 Bg7 5. Nc3 e5 6. O-O Nge7 7. Ne1 O-O 8. Nc2
d6 9. d3 Be6 10. Ne3 Qd7 11. Ned5 Rae8 12. a3 Kh8 13. Rb1 f5 14. e3 g5 15. f4
exf4 16. gxf4 g4 17. Qa4 Ng6 18. b4 Nh4 19. b5 Ne7 20. Nxe7 Nxg2 21. Kxg2 Qxe7
22. Qc2 b6 23. Nd5 Qh4 24. Qf2 Qh3+ 25. Kg1 Rf7 26. Qg3 Qh6 27. Re1 Bxd5 28.
cxd5 Rfe7 29. Bb2 Bf6 30. Kf2 Qg7 31. Bxf6 Qxf6 32. Rb3 h5 33. h4 gxh3 34. Qxh3
h4 35. Rbb1 Rh7 36. Rg1 Qf7 37. Qf3 h3 38. Rh1 h2 39. e4 Qf6 40. Ke2 fxe4 41.
dxe4 Qf5 42. Kd3 Rxe4 43. Qxe4 0-1

[Event "2BLW 1718 Düsseldorfer SK - SC Hansa Do"]
[Site "?"]
[Date "2018.02.25"]
[Round "7.1"]
[White "Heberla, Bartlomiej"]
[Black "Timman, Jan Hendrik"]
[Result "1/2-1/2"]
[WhiteElo "2560"]
[BlackElo "2551"]
[PlyCount "105"]
[EventDate "2018.??.??"]

1. e4 e5 2. Nf3 Nc6 3. Bc4 Nf6 4. d3 Be7 5. O-O O-O 6. Re1 d6 7. a4 Be6 8. a5
a6 9. Nbd2 Qd7 10. c3 Rae8 11. Qb3 Qc8 12. h3 Bd8 13. Nf1 Ne7 14. Ng3 Ng6 15.
Bxe6 fxe6 16. d4 Nd7 17. Qd1 c5 18. d5 c4 19. Ra4 b5 20. axb6 Nxb6 21. Ra2 exd5
22. exd5 Qb7 23. Ne4 Be7 24. Ra5 h6 25. Qe2 Rf7 26. Rd1 Ref8 27. Nh2 Kh8 28. g3
Rc8 29. Qh5 Kh7 30. Ng4 Nh8 31. Nxh6 gxh6 32. Qxh6+ Kg8 33. Nxd6 Bxd6 34. Qxd6
Re8 35. Be3 Nd7 36. Qxa6 Qxb2 37. Qxc4 Ng6 38. Ra6 Kg7 39. Qd3 e4 40. Bd4+ Kh7
41. Qe3 Nde5 42. Bxe5 Rxe5 43. Ra7 Rxa7 44. Qxa7+ Re7 45. Qe3 Qb3 46. Rd4 Qb1+
47. Kg2 Nh4+ 48. gxh4 Rg7+ 49. Qg5 Qe1 50. d6 e3 51. Qxg7+ Kxg7 52. fxe3 Qe2+
53. Kh1 1/2-1/2

[Event "2BLW 1718 Düsseldorfer SK - SC Hansa Do"]
[Site "?"]
[Date "2018.02.25"]
[Round "7.2"]
[White "Andersson, Ulf"]
[Black "Klyuner, Vyacheslav"]
[Result "1-0"]
[WhiteElo "2523"]
[BlackElo "2439"]
[PlyCount "129"]
[EventDate "2018.??.??"]

1. d4 Nf6 2. Nf3 e6 3. c4 Bb4+ 4. Bd2 Qe7 5. e3 b6 6. Be2 Bxd2+ 7. Qxd2 Ne4 8.
Qc2 Qb4+ 9. Nfd2 Nxd2 10. Nxd2 c5 11. a3 Qa5 12. Bf3 Nc6 13. d5 Ne5 14. dxe6
Nxf3+ 15. gxf3 dxe6 16. Qe4 Rb8 17. Qe5 Rb7 18. Qxg7 Rf8 19. Qf6 Rd7 20. O-O-O
Bb7 21. Ne4 Bxe4 22. Rxd7 Kxd7 23. Rd1+ Kc8 24. Qe7 Rh8 25. Qd7+ Kb8 26. Qd6+
Kc8 27. Qd7+ Kb8 28. fxe4 Qa6 29. Qd6+ Kb7 30. Qd3 Rc8 31. e5 Qa4 32. Qd7+ Qxd7
33. Rxd7+ Rc7 34. Rd1 Kc6 35. Rd6+ Kb7 36. Kc2 Kc8 37. Rd1 f6 38. exf6 Rf7 39.
Kd3 Rxf6 40. f4 Kd7 41. Ke4+ Ke7 42. Rg1 Kd6 43. Rd1+ Ke7 44. Rg1 Kd6 45. h4
Rh6 46. Rg4 a6 47. b3 Rf6 48. Rg5 Rf7 49. h5 Ke7 50. Rg8 Kd6 51. Rd8+ Kc7 52.
Ra8 Kc6 53. Ke5 Rf5+ 54. Kxe6 Rxh5 55. Rc8+ Kb7 56. Re8 Rh3 57. Kd6 a5 58. f5
Rf3 59. e4 h5 60. Ke6 b5 61. f6 a4 62. bxa4 bxc4 63. f7 Rxf7 64. Kxf7 c3 65.
Rg8 1-0

[Event "2BLW 1718 Düsseldorfer SK - SC Hansa Do"]
[Site "?"]
[Date "2018.02.25"]
[Round "7.3"]
[White "Wegener, Olaf"]
[Black "Berelowitsch, Alexander"]
[Result "1/2-1/2"]
[WhiteElo "2431"]
[BlackElo "2523"]
[PlyCount "54"]
[EventDate "2018.??.??"]

1. e4 e6 2. d4 d5 3. Nd2 c5 4. exd5 exd5 5. Ngf3 Nc6 6. Bb5 Qe7+ 7. Be2 Nf6 8.
O-O Qc7 9. Re1 cxd4 10. Nb3 Bb4 11. Bd2 Bxd2 12. Qxd2 O-O 13. Nfxd4 Bd7 14.
Nxc6 bxc6 15. Nc5 Bf5 16. Bf3 Rfe8 17. b4 h6 18. c4 dxc4 19. Qd4 a5 20. Rxe8+
Rxe8 21. Qxc4 Qe5 22. Rf1 axb4 23. Qxb4 Nd5 24. Qc4 Rb8 25. h3 Rb5 26. Rc1 Rb4
27. Qe2 Qf6 {(=)} 1/2-1/2

[Event "2BLW 1718 Düsseldorfer SK - SC Hansa Do"]
[Site "?"]
[Date "2018.02.25"]
[Round "7.4"]
[White "Stark, Lars"]
[Black "Dr. Scholz, Christian"]
[Result "1/2-1/2"]
[WhiteElo "2380"]
[BlackElo "2376"]
[PlyCount "48"]
[EventDate "2018.??.??"]

1. c4 e5 2. Nc3 Nf6 3. Nf3 Nc6 4. e3 g6 5. d4 exd4 6. Nxd4 Bg7 7. Nde2 O-O 8.
Nf4 b6 9. Be2 Bb7 10. Bf3 Na5 11. Bxb7 Nxb7 12. O-O Re8 13. Qc2 c6 14. Rd1 Qc7
15. Bd2 Nc5 16. Rac1 Rad8 17. Be1 Ne6 18. Nce2 Nxf4 19. Nxf4 Ne4 20. Nd3 d5 21.
cxd5 Rxd5 22. Nf4 Rc5 23. Qb1 Rxc1 24. Rxc1 c5 {(=)} 1/2-1/2

[Event "2BLW 1718 Düsseldorfer SK - SC Hansa Do"]
[Site "?"]
[Date "2018.02.25"]
[Round "7.5"]
[White "Kotter, Ralf"]
[Black "Kohlweyer, Bernd"]
[Result "1-0"]
[WhiteElo "2370"]
[BlackElo "2340"]
[PlyCount "113"]
[EventDate "2018.??.??"]

1. e4 c5 2. Nf3 d6 3. d4 cxd4 4. Nxd4 Nf6 5. Nc3 a6 6. g3 e5 7. Nde2 Be6 8. Bg2
Be7 9. O-O Nbd7 10. a4 O-O 11. h3 Qc7 12. g4 g6 13. Bh6 Rfd8 14. Nd5 Bxd5 15.
exd5 Rac8 16. c3 a5 17. b3 Nc5 18. c4 Ne8 19. Ng3 Bf6 20. Rb1 Qe7 21. Qd2 Ra8
22. Be3 b6 23. Be4 Bh4 24. Bc2 f6 25. Kh1 Ra7 26. Rg1 Bg5 27. Rbe1 Bxe3 28.
Qxe3 Qf8 29. h4 Rf7 30. h5 g5 31. Nf5 Nc7 32. Rg3 Kh8 33. h6 N7a6 34. Ng7 Qe7
35. Bf5 Rb8 36. Qf3 Qd8 37. Rh3 Rbb7 38. Bb1 Qd7 39. Bf5 Qd8 40. Be6 Rf8 41.
Qd1 Nb4 42. Bf5 Re7 43. Qb1 e4 44. Bxe4 Re5 45. Bf5 Qe7 46. Rhe3 Ra8 47. Kg2
Rb8 48. Rxe5 fxe5 49. Re3 Rf8 50. Rf3 Rf6 51. Be4 Rxf3 52. Kxf3 Qf6+ 53. Nf5
Nba6 54. Kg2 Nb8 55. Bc2 Nbd7 56. b4 axb4 57. Qxb4 1-0

[Event "2BLW 1718 Düsseldorfer SK - SC Hansa Do"]
[Site "?"]
[Date "2018.02.25"]
[Round "7.6"]
[White "Coenen, Michael"]
[Black "Dr. Kalka, Arkadius Georg"]
[Result "1/2-1/2"]
[WhiteElo "2365"]
[BlackElo "2332"]
[PlyCount "104"]
[EventDate "2018.??.??"]

1. Nf3 d5 2. d4 Nf6 3. c4 e6 4. Nc3 Bb4 5. Qa4+ Nc6 6. e3 O-O 7. Bd2 Bd7 8. Qc2
dxc4 9. Bxc4 Qe7 10. a3 Bd6 11. Nb5 Rfc8 12. Bc3 a6 13. Nxd6 cxd6 14. Ba2 d5
15. Bb1 Na7 16. O-O Nb5 17. Qb3 Nxc3 18. bxc3 Bb5 19. Rc1 Rc7 20. a4 Bc4 21.
Qb2 Ne8 22. Nd2 Nd6 23. e4 dxe4 24. Nxe4 Bd5 25. Nxd6 Qxd6 26. Bd3 Rac8 27. Rc2
g6 28. a5 Qf4 29. Bf1 e5 30. dxe5 Qxe5 31. c4 Qxb2 32. Rxb2 Bxc4 33. Bxc4 Rxc4
34. h3 Rc1+ 35. Rxc1 Rxc1+ 36. Kh2 Rc5 37. Rxb7 Rxa5 38. Ra7 Ra3 39. g4 g5 40.
Kg2 Kg7 41. Rc7 Kf6 42. Rc6+ Ke5 43. Rc5+ Kf6 44. Rc6+ Ke7 45. Rc7+ Ke6 46. Rc5
f6 47. Rc7 Rd3 48. Rxh7 Rd7 49. Rh6 Rg7 50. f4 gxf4 51. Rh5 Rg5 52. Rh8 f5
1/2-1/2

[Event "2BLW 1718 Düsseldorfer SK - SC Hansa Do"]
[Site "?"]
[Date "2018.02.25"]
[Round "7.7"]
[White "Mie, Mariska de"]
[Black "Miedema, David"]
[Result "0-1"]
[WhiteElo "2203"]
[BlackElo "2371"]
[PlyCount "42"]
[EventDate "2018.??.??"]

1. e4 e5 2. Nf3 Nf6 3. Nc3 Nc6 4. g3 Bb4 5. Bg2 d6 6. O-O O-O 7. d3 Bg4 8. h3
Be6 9. Ng5 Bd7 10. a3 Bxc3 11. bxc3 h6 12. Nf3 Qe7 13. Nh4 Be6 14. d4 d5 15. c4
Nxe4 16. cxd5 Bxd5 17. Nf5 Qe6 18. Qg4 Ng5 19. h4 Bxg2 20. Kxg2 Nxd4 21. Nxh6+
gxh6 0-1

[Event "2BLW 1718 Düsseldorfer SK - SC Hansa Do"]
[Site "?"]
[Date "2018.02.25"]
[Round "7.8"]
[White "de Gleria, Francesco"]
[Black "de Roda Husman, Juan"]
[Result "1-0"]
[WhiteElo "2391"]
[BlackElo "2260"]
[PlyCount "43"]
[EventDate "2018.??.??"]

1. e4 c5 2. Nf3 e6 3. c3 b6 4. d4 Bb7 5. Bd3 Nf6 6. Nbd2 Nc6 7. e5 Nd5 8. dxc5
Nf4 9. Ne4 Nxd3+ 10. Qxd3 bxc5 11. Bg5 Qc7 12. O-O-O Na5 13. Nfd2 c4 14. Qg3
Bd5 15. Bh4 Qb7 16. Nd6+ Bxd6 17. exd6 Rb8 18. Rde1 Bxg2 19. b4 cxb3 20. Qxg7
Rf8 21. Be7 b2+ 22. Kb1 1-0

[Event "2BLW 1718 SG Bochum 31 - SG Köln Porz"]
[Site "?"]
[Date "2018.02.25"]
[Round "7.1"]
[White "Reinderman, Dimitri"]
[Black "Fridman, Rafael"]
[Result "1/2-1/2"]
[WhiteElo "2575"]
[BlackElo "2462"]
[PlyCount "91"]
[EventDate "2018.??.??"]

1. e4 d5 2. exd5 Qxd5 3. Nc3 Qd8 4. d4 Nf6 5. Nf3 Bg4 6. h3 Bxf3 7. Qxf3 c6 8.
Qd3 e6 9. Bd2 Nbd7 10. O-O-O Bb4 11. a3 Ba5 12. f4 O-O 13. f5 Nd5 14. fxe6 fxe6
15. Ne4 Bxd2+ 16. Qxd2 h6 17. Bd3 e5 18. c4 Nf4 19. d5 cxd5 20. cxd5 Nxd3+ 21.
Qxd3 Rc8+ 22. Kb1 Kh8 23. Rhe1 Nf6 24. Nc3 Re8 25. Qf5 Qd6 26. Re3 a6 27. g4
Rc4 28. g5 hxg5 29. Qxg5 Re7 30. Rf1 Rd4 31. Rf5 e4 32. Rg3 e3 33. Rxe3 Rxe3
34. Qxe3 Rh4 35. Ne2 Qd7 36. Qf3 Rc4 37. Qd3 b5 38. Nf4 Re4 39. Ng6+ Kg8 40.
Ka2 Re8 41. Rg5 Qf7 42. Qd4 Ne4 43. Rg1 Nf6 44. Rg5 Ne4 45. Rg1 Nf6 46. Rg5
1/2-1/2

[Event "2BLW 1718 SG Bochum 31 - SG Köln Porz"]
[Site "?"]
[Date "2018.02.25"]
[Round "7.2"]
[White "Hendriks, Willy"]
[Black "Lutz, Christopher"]
[Result "1/2-1/2"]
[WhiteElo "2415"]
[BlackElo "2536"]
[PlyCount "41"]
[EventDate "2018.??.??"]

1. d4 Nf6 2. Bg5 e6 3. e4 h6 4. Bxf6 Qxf6 5. c3 d5 6. Nd2 c5 7. Ngf3 cxd4 8.
Nxd4 Bc5 9. Bb5+ Bd7 10. Qa4 Bxd4 11. Bxd7+ Nxd7 12. cxd4 Qg5 13. Ke2 b5 14.
Qb4 Qg4+ 15. Ke3 f5 16. exf5 Qxf5 17. Nf3 Qe4+ 18. Kd2 Qf4+ 19. Kd1 a6 20. Rc1
Kf7 21. Re1 {(=)} 1/2-1/2

[Event "2BLW 1718 SG Bochum 31 - SG Köln Porz"]
[Site "?"]
[Date "2018.02.25"]
[Round "7.3"]
[White "Rotstein, Arkadij"]
[Black "Kotainy, Jens"]
[Result "1-0"]
[WhiteElo "2508"]
[BlackElo "2420"]
[PlyCount "83"]
[EventDate "2018.??.??"]

1. Nf3 d5 2. g3 Nf6 3. Bg2 Bg4 4. c4 c6 5. cxd5 cxd5 6. Ne5 Be6 7. d4 Nbd7 8.
Nc3 Qb6 9. O-O Rd8 10. Nd3 g6 11. Nf4 Bg7 12. Ncxd5 Bxd5 13. Nxd5 Nxd5 14. Bxd5
Bxd4 15. Bh6 e6 16. Bg2 Ke7 17. Rc1 Nf6 18. Qa4 Ng4 19. e3 Nxh6 20. exd4 Nf5
21. d5 exd5 22. Qf4 Qd4 23. Qc7+ Kf6 24. Qxb7 Rb8 25. Qc6+ Kg7 26. b3 Rhd8 27.
Rfd1 Qb2 28. Rc2 Qe5 29. Qc7 Qe6 30. Qxa7 Ra8 31. Qb7 Rdb8 32. Qxd5 Rd8 33. Qf3
Rxd1+ 34. Qxd1 Ra3 35. Qa1+ f6 36. Rc7+ Ne7 37. Bf1 h5 38. Qb2 Qd6 39. Rb7 Kh6
40. h4 Nf5 41. Qc1+ g5 42. Qc8 1-0

[Event "2BLW 1718 SG Bochum 31 - SG Köln Porz"]
[Site "?"]
[Date "2018.02.25"]
[Round "7.4"]
[White "Goudriaan, Etienne"]
[Black "Xu, Xianliang"]
[Result "0-1"]
[WhiteElo "2355"]
[BlackElo "2415"]
[PlyCount "68"]
[EventDate "2018.??.??"]

1. c4 e5 2. Nc3 Nf6 3. g3 c6 4. d4 exd4 5. Qxd4 d5 6. Bg5 Be7 7. Rd1 Be6 8.
cxd5 cxd5 9. Bg2 Nc6 10. Qd2 d4 11. Bxc6+ bxc6 12. Qxd4 Qa5 13. Nf3 Rd8 14. Qe5
Rxd1+ 15. Kxd1 Qb6 16. Nd4 Qxb2 17. Nxe6 fxe6 18. Bc1 Qb4 19. Kc2 Kf7 20. Qf4
Qa5 21. g4 Bb4 22. Qc4 Bxc3 23. Qxc3 Qxa2+ 24. Bb2 Qa4+ 25. Kc1 Qxg4 26. Qxc6
Rd8 27. e3 Qf5 28. Rg1 g6 29. Rg3 Qxf2 30. Bxf6 Qd2+ 31. Kb1 Rb8+ 32. Ka1 Qd1+
33. Ka2 Qb3+ 34. Ka1 Qb1# 0-1

[Event "2BLW 1718 SG Bochum 31 - SG Köln Porz"]
[Site "?"]
[Date "2018.02.25"]
[Round "7.5"]
[White "Korotkjevich, Stanislav"]
[Black "Schlawin, Marlon"]
[Result "1-0"]
[WhiteElo "2376"]
[BlackElo "2345"]
[PlyCount "73"]
[EventDate "2018.??.??"]

1. d4 e6 2. Nf3 b6 3. Bf4 Bb7 4. e3 f5 5. h3 Nf6 6. Nbd2 Be7 7. g4 d6 8. gxf5
exf5 9. Rg1 g6 10. Bc4 Bd5 11. Qe2 Qd7 12. O-O-O Nc6 13. a3 Na5 14. Bxd5 Nxd5
15. Bg3 Qc6 16. Kb1 b5 17. e4 fxe4 18. Qxe4 O-O-O 19. Rge1 Bf6 20. Qd3 Rhe8 21.
Ne4 Nc4 22. Nxf6 Rxe1 23. Nxe1 Nxf6 24. d5 Qb6 25. Nf3 Re8 26. Ka2 Qc5 27. Nd4
Qxd5 28. b3 Ne5 29. Qxb5 Qxb5 30. Nxb5 a6 31. Rxd6 Ne4 32. Rxa6 Kb7 33. Ra4 Nc5
34. Rd4 Kc6 35. Nc3 Nf3 36. Rf4 Ng5 37. Rc4 1-0

[Event "2BLW 1718 SG Bochum 31 - SG Köln Porz"]
[Site "?"]
[Date "2018.02.25"]
[Round "7.6"]
[White "Hengelbrock, Joachim"]
[Black "Pauly, Carlo"]
[Result "1/2-1/2"]
[WhiteElo "2304"]
[BlackElo "2298"]
[PlyCount "110"]
[EventDate "2018.??.??"]

1. d4 Nf6 2. c4 g6 3. Nc3 Bg7 4. e4 O-O 5. f3 d6 6. Bg5 c5 7. d5 a6 8. Qd2 e6
9. Rd1 Re8 10. dxe6 Bxe6 11. Qxd6 Nbd7 12. Qd2 b5 13. cxb5 Qb6 14. Na4 Qa7 15.
b3 c4 16. b6 Qb7 17. Bxf6 Nxf6 18. Qd6 Nxe4 19. fxe4 Qxe4+ 20. Ne2 Bg4 21. Qd5
Qe7 22. Qxc4 Bxe2 23. Bxe2 Rac8 24. Qd3 Red8 25. Qxd8+ Rxd8 26. Rxd8+ Qxd8 27.
Rf1 Qh4+ 28. g3 Qxh2 29. Bc4 Qxg3+ 30. Ke2 Qg4+ 31. Kd3 Kh8 32. Rxf7 Qd1+ 33.
Ke4 Qd4+ 34. Kf3 g5 35. b7 g4+ 36. Ke2 Be5 37. Bd3 g3 38. Bc4 Qg4+ 39. Kd3 Qg6+
40. Ke3 Qg5+ 41. Ke4 g2 42. Rf8+ Kg7 43. Rg8+ Kh6 44. Rxg5 Kxg5 45. Kxe5 g1=Q
46. Kd6 Qg3+ 47. Kc6 Kf6 48. Nc5 Ke7 49. Nxa6 Qd6+ 50. Kb5 Qd7+ 51. Kb6 Qd4+
52. Kb5 Qd7+ 53. Kb6 Qd4+ 54. Kb5 Qd7+ 55. Kb6 Qd4+ 1/2-1/2

[Event "2BLW 1718 SG Bochum 31 - SG Köln Porz"]
[Site "?"]
[Date "2018.02.25"]
[Round "7.7"]
[White "Wagenknecht, Uwe"]
[Black "Werthebach, Felix"]
[Result "1/2-1/2"]
[WhiteElo "2224"]
[BlackElo "2168"]
[PlyCount "64"]
[EventDate "2018.??.??"]

1. Nf3 f5 2. g3 Nf6 3. Bg2 g6 4. b3 Bg7 5. Bb2 d6 6. d4 O-O 7. Nbd2 c6 8. O-O
Na6 9. c4 Rb8 10. Ne1 c5 11. d5 b5 12. Bc3 Nc7 13. Nd3 Ba6 14. Qc2 e5 15. dxe6
Nxe6 16. Rad1 bxc4 17. Nxc4 Ne4 18. Bxg7 Kxg7 19. e3 d5 20. Nf4 Nxf4 21. gxf4
Bb7 22. Ne5 Qe7 23. Rfe1 Rfd8 24. Rc1 Rbc8 25. Qb2 Kg8 26. f3 Nf6 27. a3 Qd6
28. Bf1 Ba6 29. Bxa6 Qxa6 30. Red1 Qb6 31. Qc3 Kg7 32. Kf2 d4 {(=)} 1/2-1/2

[Event "2BLW 1718 SG Bochum 31 - SG Köln Porz"]
[Site "?"]
[Date "2018.02.25"]
[Round "7.8"]
[White "Backwinkel, Paul"]
[Black "Sabirov, Ramil"]
[Result "1-0"]
[WhiteElo "2299"]
[BlackElo "2057"]
[PlyCount "109"]
[EventDate "2018.??.??"]

1. Nf3 c5 2. e3 g6 3. d4 Bg7 4. Be2 Nf6 5. O-O O-O 6. Nbd2 b6 7. c3 Bb7 8. b4
d6 9. Bb2 Nbd7 10. Qb3 Qc7 11. Rfc1 e5 12. a4 e4 13. Ne1 Rfe8 14. Nc2 Nf8 15.
a5 h5 16. Na3 N8h7 17. axb6 axb6 18. Nb5 Qe7 19. Qd1 Bd5 20. Rxa8 Rxa8 21. Ra1
Rxa1 22. Qxa1 cxb4 23. cxb4 Ng5 24. Qa6 Qd8 25. Bc4 Bxc4 26. Nxc4 Nd5 27. Qb7
Nxb4 28. h4 d5 29. Nxb6 Ne6 30. Ba3 Bf8 31. Bxb4 Bxb4 32. Nxd5 Bf8 33. g3 Ng7
34. Nbc3 f5 35. Qc6 Qd6 36. Qxd6 Bxd6 37. Nb5 Bf8 38. Kf1 Kf7 39. Ke2 Ne6 40.
Kd2 Nd8 41. Nbc3 Nc6 42. Ne2 Bd6 43. Nef4 Na5 44. Kc3 Ba3 45. Nh3 Bd6 46. Ndf4
Kf6 47. Nd5+ Kf7 48. Nb6 Be7 49. Nc4 Nc6 50. Ne5+ Nxe5 51. dxe5 Ba3 52. Kd4
Bb2+ 53. Kd5 Ba3 54. Nf4 Bb4 55. Kc6 1-0

[Event "2BLW 1718 Aachener SV - SV Koblenz"]
[Site "?"]
[Date "2018.02.25"]
[Round "7.1"]
[White "Sulskis, Sarunas"]
[Black "Seel, Christian"]
[Result "0-1"]
[WhiteElo "2532"]
[BlackElo "2464"]
[PlyCount "160"]
[EventDate "2018.??.??"]

1. e4 e5 2. Nf3 Nc6 3. d4 exd4 4. Bc4 Nf6 5. O-O Bc5 6. e5 d5 7. exf6 dxc4 8.
Re1+ Be6 9. Ng5 g6 10. Qf3 O-O 11. Nd2 Re8 12. Rxe6 Rxe6 13. Nxe6 fxe6 14. Ne4
Bf8 15. Qh3 Qd7 16. Bf4 Nd8 17. Ng5 h6 18. Nf3 Nf7 19. Qg3 Kh7 20. Bxc7 Rc8 21.
Ne5 Nxe5 22. Bxe5 Rc5 23. Qf4 d3 24. cxd3 cxd3 25. Rd1 Qd5 26. Bc3 Bd6 27. f7
Bxf4 28. f8=Q Bxh2+ 29. Kf1 Be5 30. Qf7+ Kh8 31. Qxg6 Bxc3 32. Rxd3 Qg5 33.
Qxg5 hxg5 34. bxc3 Rc7 35. Rd6 Rxc3 36. Rxe6 Ra3 37. Re5 Rxa2 38. Rxg5 a6 39.
Rg6 Rb2 40. Rd6 a5 41. g4 a4 42. Rd8+ Kg7 43. Ra8 b5 44. Kg2 Kg6 45. Kg3 Rb3+
46. Kf4 a3 47. Ra6+ Kf7 48. Ra7+ Ke6 49. Ra6+ Ke7 50. Ra7+ Kd6 51. Ra6+ Kc5 52.
g5 Rb4+ 53. Ke3 Ra4 54. Rxa4 bxa4 55. g6 a2 56. g7 a1=Q 57. g8=Q Qc3+ 58. Ke2
a3 59. Qf8+ Kc4 60. f4 Kb3 61. Qb8+ Kc2 62. Qa8 Qc4+ 63. Ke3 a2 64. Qg2+ Kc1
65. Qg7 Qb3+ 66. Ke4 Qc4+ 67. Kf3 Qf1+ 68. Ke3 Qe1+ 69. Kf3 Qd1+ 70. Kg2 Qd5+
71. Kg3 Kb1 72. Qh7+ Kb2 73. Qh8+ Kb3 74. f5 Qd3+ 75. Kh4 Qe4+ 76. Kg5 Qg2+ 77.
Kf4 Qf1+ 78. Ke4 Qe1+ 79. Kd3 Qd1+ 80. Ke3 Qc1+ 0-1

[Event "2BLW 1718 Aachener SV - SV Koblenz"]
[Site "?"]
[Date "2018.02.25"]
[Round "7.2"]
[White "Koch, Thomas"]
[Black "Balog, Imre"]
[Result "0-1"]
[WhiteElo "2467"]
[BlackElo "2548"]
[PlyCount "68"]
[EventDate "2018.??.??"]

1. d4 d5 2. c4 c6 3. Nc3 dxc4 4. Nf3 b5 5. a4 b4 6. Nb1 Nf6 7. e3 Ba6 8. Be2 c5
9. Ne5 cxd4 10. exd4 Nbd7 11. Nxc4 Bb7 12. O-O e6 13. Bf4 Be7 14. a5 O-O 15.
Nbd2 Nd5 16. Bg3 Ba6 17. Bd3 Rc8 18. Qe2 Nb8 19. Rfd1 Nc6 20. Nb3 g6 21. h3 Re8
22. Qe4 Bf8 23. Rac1 Bb5 24. Ra1 Qg5 25. h4 Qh5 26. Be2 Qf5 27. Qb1 Qxb1 28.
Raxb1 Ba4 29. Ncd2 Bg7 30. Ba6 Nxd4 31. Bxc8 Rxc8 32. Nxd4 Bxd1 33. Nb5 Bc2 34.
Nd6 Rc6 0-1